Victoria

Gespeichert in:
Bibliographische Detailangaben
Format: keine Angabe
Sprache:Spanisch
Erschienen: México Herrero Hermanos y Sucesores s f
Katalog:MANES:  Suchergebnis im Bibliothekskatalog
Schulbuchspezifische Eigenschaften:
Tags: Tag hinzufügen
Keine Tags, Fügen Sie den ersten Tag hinzu!
Hinzugefügt zu:26.04.2016
Geändert in:08.05.2025

MARC

LEADER 000000000a22000000004500
001 20748
003 OSt
005 20250508091957.0
008 160427s ar ||||| |||| 00| 0 spa d
040 |c centro_manes 
041 |a spa 
245 0 0 |a Victoria 
260 3 |a México  |b Herrero Hermanos y Sucesores  |c s f 
300 |a 246 p.  |c 19 x 14 cm. 
500 |a Libro de lectura que pretende iniciar a las alumnas en el arte de la lectura "superior", para que aprenda a interpretar y analizar lo expresado por el autor. Se desconoce el autor y el año en que fue editada la obra, ya que no cuenta con la portadilla. 
561 |5 mx-CINVES  |a México. DIE-Cinvestav (Ciudad de México)  |k MANES 
690 0 |a EyL 
691 0 |a PRI 
942 |2 ddc  |c BK 
546 |a México 
999 |c 37949  |d 37949 
999 |c manes:37949  |d 37949